000 004640000a22001930004500
001 003146
003 MACL
005 20151015131625.0
008 151015b xxu||||| |||| 00| 0 eng d
040 _aMACL
_cMACL
041 _aEnglish
082 _a920.71/MIT
100 _aMittra, Peary Chand
_914970
245 _aDavid Hare
_cPeary Chand Mittra
260 _aKolkata
_c2002
_bRadiance,
350 _a160
650 _aBiography
_914972
942 _k921
_cBK
_2ddc
999 _c15052
_d15052